000
00206 a2200097 4500
001
6882
100
_a
Hanson, J L
245
_a
Mounnetary Theory & Practice
260
_a
_b
E L B S
_c
090
_c
5688
_d
5688
942
_a
NUST-CAE
_c
M
_c
32142
999
_c
241955
_d
241955